000 00311 a2200109 4500
001 ART_51138
005 20260410161810.0
008 260409a
245 1 0 _aCambalache concursal
100 1 _aLorente, Javier A.
773 0 _tDoctrina Societaria y Concursal
_g- N° 393 (ago. 2020)
_wREV4298
999 _c21378
_d21378